000 00793nam a2200241 a 4500
001 BRCA_5123
005 20190320204941.0
008 191110s1922----enka######---#000-0#eng-#
041 _aeng
044 _aenk
050 4 _aNA3900
_b.P36 1922
245 1 0 _aThe panelled rooms
_bthe clifford´s inn room
_cVictoria and Albert Museum, Department of Woodwork.
260 _aLondres
_bMajesty´s Stationery Office
_c1922
300 _avi, 10 p.
_bil., 13 láminas
_c24 cm.
500 _aIncluye índice de ilustraciones e índice de fotografías
500 _aE15
504 _aBibliografía: p. 9
650 1 4 _aTalla en madera
_913072
650 1 4 _aDecoración de interiores
_96140
710 2 _aVictoria and Albert Museum
_bDepartament of Woodwork
_913073
902 _aGFM
942 _2lcc
_cB
999 _c4817
_d4817